| 000 | 00503nam a2200169 a 4500 | ||
|---|---|---|---|
| 005 | 20140310183155.0 | ||
| 008 | 970101s19uu xx 00 eng d | ||
| 050 |
_aQA 76.6 _b.J37 1969 |
||
| 100 | _aJarchow, Willard R. | ||
| 245 |
_aComputer programming : _bRPG report program generator / _cWillard R. Jarchow. |
||
| 260 |
_aNew York : _bFlower Lane Pub., _c1969. |
||
| 300 |
_aXV, 520 p. : _bill. ; _c28 cm. |
||
| 521 | _aIT | ||
| 650 | _aComputer programs | ||
| 942 |
_cBK _2lcc _kFOR |
||
| 999 |
_c19738 _d19738 |
||